| 000 | 00633nam a2200217 a 4500 | ||
|---|---|---|---|
| 005 | 20240921063853.0 | ||
| 008 | 991125s1975 mad 000 0 spa u | ||
| 020 | _a8470201530 | ||
| 035 | _aUPN01000046793 | ||
| 049 | _aCG | ||
| 050 | 4 |
_aLB1027.25 _bP7.78 |
|
| 100 | 1 | _aPistrak | |
| 245 | 1 | 0 |
_aProblemas fundamentales de la escuela del trabajo / _cPistrak ; tr. Loly Morán. |
| 260 |
_aMadrid : _bSociedad de Educación Atenas, _c1975. |
||
| 300 | _a205 p. | ||
| 440 | 0 | _aConocer al hombre | |
| 650 | 2 |
_aEnseñanza _xInvestigación _920071 |
|
| 650 | 4 |
_aEnseñanza _xMetodología _97684 |
|
| 905 | _aLibro | ||
| 999 |
_c46793 _d46793 |
||